Planowanie rozwoju technicznego przedsiebiorstwa przemyslowego

Gespeichert in:
Bibliographische Detailangaben
Format: Buch
Sprache:Polnisch
Veröffentlicht: Katowice Akademia Ekon. im. Karola Adamieckiego 1987
Schriftenreihe:Prace naukowo-badawcze
Tags: Tag hinzufügen
Keine Tags, Fügen Sie das erste Tag hinzu!

MARC

LEADER 00000nam a2200000 4500
001 c023391
005 20260327123053.6
041 0 |a pol 
044 |a PL 
245 1 0 |a Planowanie rozwoju technicznego przedsiebiorstwa przemyslowego  |c Krystyna Fabianska, Jerzy Rokita 
264 1 |a Katowice  |b Akademia Ekon. im. Karola Adamieckiego  |c 1987 
300 |a 106 s. 
490 1 |a Prace naukowo-badawcze 
830 0 |a Prace naukowo-badawcze